[Event "Thessaloniki White Tower op-C 41th"]
[Site "Thessaloniki"]
[Date "2019.01.05"]
[Round "3.36"]
[White "Giannopapa, Aggeliki"]
[Black "Matsoukas, Konstantinos"]
[Result "0-1"]
[WhiteElo "1000"]
[BlackElo "866"]
[PlyCount "118"]
[EventDate "2019.01.02"]
[EventType "swiss"]
[EventRounds "6"]
[EventCountry "GRE"]
[SourceTitle "EXT 2024"]
[Source "ChessBase"]
[SourceDate "2023.10.10"]
[SourceVersion "1"]
[SourceVersionDate "2023.10.10"]
[SourceQuality "1"]

1. e4 e5 2. Nf3 Nc6 3. Bb5 Nf6 4. Nc3 a6 5. Bxc6 bxc6 6. Nxe5 d5 7. d3 Bb4 8. 0-0 0-0 9. Nxc6 Qd6 10. Nxb4 Qxb4 11. Nxd5 Nxd5 12. exd5 Qd4 13. c4 Bg4 14. Qd2 Rfe8 15. b3 Qxa1 16. Ba3 Qd4 17. Bb2 Re2 18. Qc3 Qxc3 19. Bxc3 Rxa2 20. c5 Ra3 21. d6 c6 22. Be5 Rxb3 23. d4 f6 24. Bg3 Rd3 25. d5 Rxd5 26. h3 Bh5 27. Rc1 a5 28. d7 Rxd7 29. Ra1 Rd5 30. Rc1 g5 31. h4 h6 32. f4 g4 33. f5 Rxf5 34. Bf2 Rd5 35. Re1 Rd3 36. Ra1 g3 37. Be1 f5 38. Bxa5 Rd5 39. Rc1 Rxa5 40. Rf1 Raxc5 41. Ra1 Rc4 42. Ra8+ Kg7 43. Ra1 Rdc5 44. Ra7+ Bf7 45. Kf1 Rc2 46. Ra1 Bc4+ 47. Ke1 Bd5 48. Ra7+ Kg6 49. h5+ Kxh5 50. Ra1 Bxg2 51. Rb1 f4 52. Kd1 f3 53. Rb4 f2 54. Rf4 f1Q+ 55. Rxf1 Bxf1 56. Ke1 Bg2 57. Kd1 Be4 58. Ke1 Rd5 59. Kf1 Rd1# 0-1

[Event "Thessaloniki White Tower op-C 41th"]
[Site "Thessaloniki"]
[Date "2019.01.02"]
[Round "1.45"]
[White "Giannopapa, Aggeliki"]
[Black "Tziournas, Grammelos"]
[Result "0-1"]
[WhiteElo "1000"]
[BlackElo "1010"]
[PlyCount "68"]
[EventDate "2019.01.02"]
[EventType "swiss"]
[EventRounds "6"]
[EventCountry "GRE"]
[SourceTitle "EXT 2024"]
[Source "ChessBase"]
[SourceDate "2023.10.10"]
[SourceVersion "1"]
[SourceVersionDate "2023.10.10"]
[SourceQuality "1"]

1. e4 e5 2. Nf3 Nc6 3. Bb5 d6 4. 0-0 Bd7 5. d3 Nf6 6. Nc3 h6 7. Be3 Be7 8. d4 exd4 9. Nxd4 Nxd4 10. Bxd7+ Qxd7 11. Bxd4 0-0 12. e5 dxe5 13. Bxe5 Qxd1 14. Raxd1 c6 15. Bxf6 Bxf6 16. Na4 Rad8 17. Nc5 Rxd1 18. Rxd1 Bxb2 19. Nxb7 Re8 20. Nc5 Re2 21. Na4 Rxc2 22. Nxb2 Rxb2 23. a4 Ra2 24. h3 Rxa4 25. Rd8+ Kh7 26. Rd7 f6 27. h4 Ra1+ 28. Kh2 c5 29. h5 c4 30. Re7 c3 31. Re2 Rc1 32. Ra2 c2 33. Rxc2 Rxc2 34. f3 a5 0-1